[Event "1st Bangalore GM-Open-A 2024"]
[Site "Bangalore"]
[Date "2024.01.26"]
[Round "10.3"]
[White "Mitrabha, Guha"]
[Black "Shyam, Sundar M."]
[Result "1-0"]
[WhiteElo "2504"]
[BlackElo "2497"]
[Annotator "RC"]
[PlyCount "115"]
[EventDate "2024.01.20"]
[EventType "swiss"]
[EventCountry "IND"]
[SourceTitle "playchess.com"]
[Source "ChessBase"]
[SourceQuality "1"]

1. c4 f5 2. Nc3 Nf6 3. g3 e5 4. Bg2 d6 5. d3 Be7 6. Nf3 O-O 7. b4 Qe8 8. O-O f4 9. gxf4 Qh5 10. e4 Bg4 11. f5 Nc6 12. h3 Bxh3 13. Ng5 Bxg2 14. Kxg2 Nxb4 15. Rb1 a5 16. a3 Qxd1 17. Rxd1 Na6 18. Rxb7 Rfb8 19. Rxb8+ Rxb8 20. Ne6 c6 21. Bd2 Rb3 22. Rb1 a4 23. Ra1 d5 24. cxd5 cxd5 25. exd5 Bxa3 26. d4 e4 27. d6 Nb8 28. Nc5 Bxc5 29. dxc5 a3 30. Na4 h5 31. Nb6 h4 32. Be3 Nc6 33. Kh3 Kf7 34. Kxh4 Nb4 35. Nc4 a2 36. Ne5+ Ke8 37. c6 Nxc6 38. Nxc6 Kd7 39. Ne5+ Kxd6 40. Nc4+ Kd5 41. Nb6+ Ke5 42. Rxa2 Kxf5 43. Ra5+ Kg6 44. Nd5 Nxd5 45. Rxd5 Rb7 46. Kg4 Rf7 47. Rg5+ Kh7 48. Re5 Rd7 49. Rxe4 Rb7 50. Re6 Rd7 51. Bf4 Rf7 52. f3 Rb7 53. Be5 Ra7 54. f4 Rb7 55. Kf5 Ra7 56. Rc6 Ra2 57. Rc7 Rg2 58. Ke4 1-0

[Event "1st Bangalore GM-Open-A 2024"]
[Site "Bangalore"]
[Date "2024.01.26"]
[Round "10.4"]
[White "Shyaamnikhil P"]
[Black "Aronyak Ghosh"]
[Result "0-1"]
[WhiteElo "2443"]
[BlackElo "2541"]
[Annotator "RC"]
[PlyCount "84"]
[EventDate "2024.01.20"]
[EventType "swiss"]
[EventCountry "IND"]
[SourceTitle "playchess.com"]
[Source "ChessBase"]
[SourceQuality "1"]

1. e4 c6 2. d4 d5 3. Nd2 dxe4 4. Nxe4 Nf6 5. Nxf6+ exf6 6. Bc4 Bd6 7. Qe2+ Be7 8. Nf3 O-O 9. O-O Bd6 10. Re1 Na6 11. Nh4 Nc7 12. Qd3 Be6 13. Bd2 Re8 14. Bb3 Qd7 15. c4 b5 16. Bc2 g6 17. b3 a5 18. Bc3 Be7 19. f4 f5 20. Nf3 f6 21. Nh4 Bd6 22. g4 fxg4 23. f5 Bxf5 24. Nxf5 Qxf5 25. Qxf5 gxf5 26. Bxf5 Bb4 27. Rxe8+ Rxe8 28. Bxb4 axb4 29. Bd7 Rd8 30. Bxc6 bxc4 31. Rd1 c3 32. Kf2 Nd5 33. Ke2 Kf7 34. Kd3 Ke6 35. Rf1 h5 36. Rf2 Rc8 37. Bb5 c2 38. Re2+ Kd6 39. Rxc2 Nf4+ 40. Kd2 Rxc2+ 41. Kxc2 h4 42. Kd2 h3 0-1

[Event "1st Bangalore GM-Open-A 2024"]
[Site "Bangalore"]
[Date "2024.01.26"]
[Round "10.5"]
[White "Neelotpal, Das"]
[Black "Iniyan, Pa"]
[Result "1-0"]
[WhiteElo "2329"]
[BlackElo "2515"]
[Annotator "TA"]
[PlyCount "65"]
[EventDate "2024.01.20"]
[EventType "swiss"]
[EventCountry "IND"]
[SourceTitle "playchess.com"]
[Source "ChessBase"]
[SourceQuality "1"]

1. d4 Nf6 2. c4 e6 3. Nf3 d5 4. Nc3 Bb4 5. cxd5 exd5 6. Bg5 h6 7. Bh4 O-O 8. e3 c6 9. Bd3 Nbd7 10. Qc2 Re8 11. O-O Be7 12. Rfe1 Nf8 13. Ne5 Ne6 14. Rad1 Nd7 15. Bxe7 Qxe7 16. f4 Nf6 17. g4 Nd7 18. Nf3 b6 19. h4 Bb7 20. g5 Kh8 21. f5 Nef8 22. Qh2 Qd8 23. Kf2 Qb8 24. Qg2 h5 25. Ng1 Qd6 26. Nh3 c5 27. Qg3 Qe7 28. a3 c4 29. Bb1 b5 30. Nf4 Nb6 31. Nxh5 Qd7 32. f6 g6 33. Nf4 1-0

[Event "1st Bangalore GM-Open-A 2024"]
[Site "Bangalore"]
[Date "2024.01.26"]
[Round "10.6"]
[White "Audi Ameya"]
[Black "Pranav Anand"]
[Result "0-1"]
[WhiteElo "2385"]
[BlackElo "2513"]
[Annotator "RC"]
[PlyCount "120"]
[EventDate "2024.01.20"]
[EventType "swiss"]
[EventCountry "IND"]
[SourceTitle "playchess.com"]
[Source "ChessBase"]
[SourceQuality "1"]

1. e4 c5 2. Nf3 d6 3. d4 cxd4 4. Nxd4 Nf6 5. Nc3 a6 6. Bd3 g6 7. f3 Qb6 8. a3 Nc6 9. Be3 e5 10. Nf5 Qd8 11. Ng3 Be6 12. Qd2 h5 13. h3 Bg7 14. O-O Rc8 15. f4 exf4 16. Bxf4 Ne5 17. Bg5 Qb6+ 18. Be3 Qc7 19. Nge2 O-O 20. Nf4 Rfe8 21. Qf2 b5 22. Kh1 Qb7 23. Bd4 Nfd7 24. Ncd5 Nc5 25. Rad1 Bxd5 26. Nxd5 Re6 27. b4 Ncd7 28. Qh4 Rce8 29. Nf4 Rf6 30. Rf2 Bh6 31. Qg3 Kh7 32. Nd5 Rxf2 33. Qxf2 Bg7 34. Rf1 Kg8 35. g4 hxg4 36. hxg4 f6 37. Qg3 Rf8 38. g5 f5 39. Qg2 f4 40. Qh3 f3 41. Ne7+ Kf7 42. Nxg6 Kxg6 43. Qe6+ Kh5 44. Rg1 Rf4 45. Bf2 Nf8 46. Qh3+ Kg6 47. Be3 Rf7 48. Rg3 f2 49. Qf1 Ne6 50. Kg2 Nf4+ 51. Kh2 Qc8 52. Bxf4 Rxf4 53. Be2 Qh8+ 54. Kg2 Rh4 55. Kxf2 Rf4+ 56. Bf3 Qh2+ 57. Qg2 Rxf3+ 58. Rxf3 Qxg2+ 59. Kxg2 Nxf3 60. Kxf3 Kxg5 0-1

[Event "1st Bangalore GM-Open-A 2024"]
[Site "Bangalore"]
[Date "2024.01.26"]
[Round "10.7"]
[White "Dzhumaev, Marat"]
[Black "Chanda, Sandipan"]
[Result "0-1"]
[WhiteElo "2362"]
[BlackElo "2486"]
[Annotator "RC"]
[PlyCount "128"]
[EventDate "2024.01.20"]
[EventType "swiss"]
[EventCountry "IND"]
[SourceTitle "playchess.com"]
[Source "ChessBase"]
[SourceQuality "1"]

1. d4 f5 2. g3 Nf6 3. Bg2 g6 4. Nf3 Bg7 5. O-O O-O 6. c4 e6 7. Nc3 d5 8. Bf4 c6 9. Qd3 Ne4 10. Rfd1 Nd7 11. Rac1 g5 12. Bd2 g4 13. Ne1 dxc4 14. Qxc4 Nb6 15. Qb3 Nxd2 16. Rxd2 Kh8 17. Rcd1 Qe7 18. e4 e5 19. dxe5 Be6 20. Nd5 cxd5 21. exd5 Bd7 22. e6 Ba4 23. d6 Qf6 24. Qe3 Bxd1 25. Rxd1 Rfe8 26. e7 Nc4 27. Qf4 Nxd6 28. Qxd6 Qxd6 29. Rxd6 Rxe7 30. Nd3 Ree8 31. Bxb7 Rad8 32. Rxd8 Rxd8 33. Ba6 Rb8 34. b3 Bc3 35. Nf4 Re8 36. Bd3 Re5 37. Kg2 Kg7 38. h3 Bd2 39. Ne2 Kf6 40. Bc4 Re8 41. Nd4 Rd8 42. Ne6 Rc8 43. Nd4 Ba5 44. Nc2 Rd8 45. Ne3 h5 46. hxg4 hxg4 47. Ba6 Rd2 48. Bc4 Bb6 49. Nd5+ Ke5 50. Nxb6 axb6 51. a4 f4 52. gxf4+ Kxf4 53. b4 g3 54. a5 Rxf2+ 55. Kg1 Rb2 56. axb6 Rxb4 57. Bd5 Rxb6 58. Kg2 Rb2+ 59. Kg1 g2 60. Kh2 Rf2 61. Bc6 g1=Q+ 62. Kxg1 Kg3 63. Bb7 Rb2 64. Be4 Re2 0-1

[Event "1st Bangalore GM-Open-A 2024"]
[Site "Bangalore"]
[Date "2024.01.26"]
[Round "10.8"]
[White "Neelash Saha"]
[Black "Dere Pushkar"]
[Result "1-0"]
[WhiteElo "2446"]
[BlackElo "2191"]
[Annotator "TA"]
[PlyCount "66"]
[EventDate "2024.01.20"]
[EventType "swiss"]
[EventCountry "IND"]
[SourceTitle "playchess.com"]
[Source "ChessBase"]
[SourceQuality "1"]

1. Nf3 d5 2. e3 Nf6 3. c4 c6 4. Qc2 e6 5. b3 Bd6 6. d4 Nbd7 7. Bb2 Qe7 8. Nbd2 e5 9. cxd5 Nxd5 10. a3 exd4 11. Nxd4 N7f6 12. g3 O-O 13. Bg2 c5 14. Nf5 Bxf5 15. Qxf5 Nxe3 16. fxe3 Qxe3+ 17. Kd1 Rfe8 18. Qf3 Qh6 19. Bxf6 gxf6 20. Kc2 Re3 21. Qg4+ Kh8 22. Rae1 Be5 23. Rxe3 Qxe3 24. Qf3 Qh6 25. Nc4 Rd8 26. Qe3 Qh5 27. Bxb7 Bd4 28. Qf3 Qh6 29. Be4 Be5 30. h4 a5 31. a4 Rd4 32. g4 Qf8 33. Qf5 Qg7 1-0

[Event "1st Bangalore GM-Open-A 2024"]
[Site "Bangalore"]
[Date "2024.01.26"]
[Round "10.9"]
[White "Sankalp Gupta"]
[Black "Aradhya, Garg"]
[Result "1-0"]
[WhiteElo "2535"]
[BlackElo "2390"]
[Annotator "TA"]
[PlyCount "83"]
[EventDate "2024.01.20"]
[EventType "swiss"]
[EventCountry "IND"]
[SourceTitle "playchess.com"]
[Source "ChessBase"]
[SourceQuality "1"]

1. Nf3 d5 2. e3 Nf6 3. c4 e6 4. Nc3 b6 5. cxd5 exd5 6. g3 Bd6 7. Bg2 Ba6 8. b4 O-O 9. b5 Bb7 10. O-O a6 11. Bb2 c5 12. bxc6 Nxc6 13. Ne2 Re8 14. d3 Rc8 15. Rc1 b5 16. Nf4 Ne5 17. Rxc8 Qxc8 18. Qa1 d4 19. Rc1 Nxf3+ 20. Bxf3 Qd7 21. Bxb7 Qxb7 22. Bxd4 Ng4 23. Ng2 Qf3 24. Rc2 h5 25. Nh4 Qd5 26. e4 Qe6 27. Bxg7 Rc8 28. Rxc8+ Qxc8 29. Nf5 Qc2 30. Qd4 h4 31. gxh4 Bc5 32. Qd8+ Kh7 33. Qh8+ Kg6 34. h5+ Kg5 35. h4+ Kf4 36. Qb8+ Kf3 37. Qg3+ Ke2 38. Nd4+ Bxd4 39. Qxg4+ Kxd3 40. Qf3+ Kc4 41. Qb3+ Qxb3 42. axb3+ 1-0

[Event "1st Bangalore GM-Open-A 2024"]
[Site "Bangalore"]
[Date "2024.01.26"]
[Round "10.10"]
[White "Venkatesh, M.R."]
[Black "Lalit Babu M R"]
[Result "1/2-1/2"]
[WhiteElo "2392"]
[BlackElo "2525"]
[Annotator "RC"]
[PlyCount "63"]
[EventDate "2024.01.20"]
[EventType "swiss"]
[EventCountry "IND"]
[SourceTitle "playchess.com"]
[Source "ChessBase"]
[SourceQuality "1"]

1. b3 d5 2. Bb2 Bg4 3. f3 Bf5 4. e4 dxe4 5. Nc3 Nf6 6. g4 Bg6 7. Qe2 exf3 8. Nxf3 c6 9. h4 Nxg4 10. h5 Bf5 11. Nh4 Nh6 12. Nxf5 Nxf5 13. Ne4 e6 14. O-O-O Qa5 15. Bh3 Nh6 16. Qh2 Nd7 17. Nd6+ Bxd6 18. Qxd6 Rg8 19. Rdg1 O-O-O 20. Bxg7 Nf5 21. Bxf5 Qxf5 22. h6 Nc5 23. Qh2 Rd7 24. Re1 Ne4 25. Rhf1 Qd5 26. d3 Qg5+ 27. Kb2 Rxg7 28. hxg7 Qxg7+ 29. Ka3 Qf8+ 30. Kb2 Qg7+ 31. Ka3 Qf8+ 32. Kb2 1/2-1/2

[Event "1st Bangalore GM-Open-A 2024"]
[Site "Bangalore"]
[Date "2024.01.26"]
[Round "10.11"]
[White "Nitish Belurkar"]
[Black "Nitin, S.."]
[Result "1-0"]
[WhiteElo "2435"]
[BlackElo "2385"]
[Annotator "RC"]
[PlyCount "109"]
[EventDate "2024.01.20"]
[EventType "swiss"]
[EventCountry "IND"]
[SourceTitle "playchess.com"]
[Source "ChessBase"]
[SourceQuality "1"]

1. d4 Nf6 2. c4 g6 3. Nc3 Bg7 4. e4 d6 5. Nf3 O-O 6. Be2 Na6 7. O-O e5 8. Be3 c6 9. d5 Ng4 10. Bg5 f6 11. Bc1 f5 12. exf5 gxf5 13. Ng5 Nf6 14. f4 e4 15. Be3 c5 16. a3 Qe7 17. Qd2 h6 18. Nh3 Ng4 19. Bxg4 fxg4 20. Nf2 Bf5 21. Ne2 Nc7 22. a4 Na6 23. Ng3 Qd7 24. Qe2 Nb4 25. Nxf5 Qxf5 26. Nxg4 Nd3 27. g3 h5 28. Nf2 Nxb2 29. Ra3 Rae8 30. Rb1 Qf6 31. Ra2 Nd3 32. Nxd3 exd3 33. Qxd3 Rf7 34. Bf2 Rfe7 35. Rbb2 h4 36. Re2 h3 37. Rxe7 Qxe7 38. Kf1 Qe4 39. Qxe4 Rxe4 40. Rc2 Kf7 41. Bg1 b6 42. Kf2 Bf6 43. Rc1 Bb2 44. Kf3 Rxf4+ 45. Kxf4 Bxc1+ 46. Be3 Bb2 47. Kg4 a6 48. Bf4 Ke7 49. Kxh3 b5 50. cxb5 axb5 51. axb5 c4 52. b6 Kd7 53. b7 Kc7 54. Bxd6+ Kxb7 55. Kg4 1-0

[Event "1st Bangalore GM-Open-A 2024"]
[Site "Bangalore"]
[Date "2024.01.26"]
[Round "10.13"]
[White "Ilamparthi A R"]
[Black "Liyanage, Ranindu Dilshan"]
[Result "1/2-1/2"]
[WhiteElo "2426"]
[BlackElo "2366"]
[Annotator "TA"]
[PlyCount "60"]
[EventDate "2024.01.20"]
[EventType "swiss"]
[EventCountry "IND"]
[SourceTitle "playchess.com"]
[Source "ChessBase"]
[SourceQuality "1"]

1. e4 e6 2. d3 d5 3. Nd2 Nf6 4. Ngf3 Be7 5. g3 O-O 6. Bg2 a5 7. O-O a4 8. a3 Nc6 9. Re1 dxe4 10. Nxe4 Nxe4 11. Rxe4 Bf6 12. g4 g6 13. d4 Bg7 14. Bf4 b6 15. Ne5 Nxe5 16. dxe5 Bb7 17. Rd4 Qc8 18. Qd3 Ra5 19. Re1 Bxg2 20. Kxg2 Qa8+ 21. f3 Rd5 22. Rd1 Rfd8 23. Qe4 b5 24. h4 c5 25. Rxd5 Rxd5 26. h5 Qd8 27. Rxd5 Qxd5 28. Qe2 g5 29. Bxg5 Qxe5 30. Qxe5 Bxe5 1/2-1/2

[Event "1st Bangalore GM-Open-A 2024"]
[Site "Bangalore"]
[Date "2024.01.26"]
[Round "10.14"]
[White "Nguyen Van Huy"]
[Black "Tahbaz, Arash"]
[Result "0-1"]
[WhiteElo "2364"]
[BlackElo "2425"]
[Annotator "RC"]
[PlyCount "92"]
[EventDate "2024.01.20"]
[EventType "swiss"]
[EventCountry "IND"]
[SourceTitle "playchess.com"]
[Source "ChessBase"]
[SourceQuality "1"]

1. d4 Nf6 2. c4 g6 3. Nc3 Bg7 4. e4 d6 5. Nf3 O-O 6. Be2 e5 7. Be3 Ng4 8. Bg5 f6 9. Bh4 g5 10. Bg3 Nh6 11. dxe5 dxe5 12. Qc2 c6 13. Nd2 Qe7 14. O-O-O Be6 15. f3 Nd7 16. Bf2 a6 17. Nb3 b5 18. Na5 Rfc8 19. Nb1 Nf7 20. Nd2 Qb4 21. Ndb3 c5 22. Kb1 Bf8 23. Be1 Qa4 24. Na1 Qxc2+ 25. Nxc2 Nd6 26. Ne3 Nb6 27. Bf2 bxc4 28. Rc1 c3 29. Rxc3 c4 30. Rc2 c3 31. Rxc3 Rxc3 32. bxc3 Nb5 33. Bxb5 axb5 34. Nb3 Na4 35. Rc1 Ba3 36. Rc2 Rd8 37. Be1 Rd3 38. Bd2 Nb6 39. Nc1 Rd7 40. Nb3 Nc4 41. Nxc4 Bxc4 42. Nc1 h5 43. g3 g4 44. f4 exf4 45. gxf4 h4 46. f5 h3 0-1

[Event "1st Bangalore GM-Open-A 2024"]
[Site "Bangalore"]
[Date "2024.01.26"]
[Round "10.15"]
[White "Deepan Chakkravarthy J."]
[Black "Nithin Babu"]
[Result "1-0"]
[WhiteElo "2422"]
[BlackElo "2177"]
[Annotator "RC"]
[PlyCount "109"]
[EventDate "2024.01.20"]
[EventType "swiss"]
[EventCountry "IND"]
[SourceTitle "playchess.com"]
[Source "ChessBase"]
[SourceQuality "1"]

1. Nf3 Nf6 2. c4 g6 3. b3 Bg7 4. Bb2 O-O 5. g3 c5 6. Bg2 d6 7. O-O e5 8. d3 Nc6 9. Nc3 h6 10. Nd2 Be6 11. Nde4 Nh5 12. Nd5 Qd7 13. e3 f5 14. Nec3 Rf7 15. f4 Raf8 16. Rb1 Nf6 17. Nxf6+ Bxf6 18. Nd5 Bg7 19. a3 Ne7 20. Qd2 g5 21. Nxe7+ Qxe7 22. b4 b6 23. bxc5 bxc5 24. Bc3 h5 25. Rb7 Qd8 26. Rfb1 h4 27. Qe2 g4 28. Qb2 Qf6 29. Rxf7 Bxf7 30. Qb7 Qh6 31. Qxa7 hxg3 32. hxg3 exf4 33. Bxg7 Qxg7 34. gxf4 Qc3 35. Qe7 Qxd3 36. Rb7 Qd1+ 37. Kh2 Qe1 38. Qg5+ Kh8 39. Qf6+ Kg8 40. Re7 Qf2 41. a4 Qe1 42. Qg5+ Kh8 43. Qh6+ Kg8 44. Qf6 d5 45. cxd5 g3+ 46. Kh3 Qd1 47. Qg5+ Kh8 48. Qxf5 Kg8 49. Qg5+ Kh8 50. Qh4+ Kg8 51. Qxg3+ Kh8 52. Qh4+ Kg7 53. Qg5+ Kh8 54. Qh6+ Kg8 55. Re5 1-0

[Event "1st Bangalore GM-Open-A 2024"]
[Site "Bangalore"]
[Date "2024.01.26"]
[Round "10.16"]
[White "Viani Antonio Dcunha"]
[Black "Wagh Suyog"]
[Result "1-0"]
[WhiteElo "2407"]
[BlackElo "2266"]
[Annotator "ChessBase"]
[PlyCount "243"]
[EventDate "2024.01.20"]
[EventType "swiss"]
[EventCountry "IND"]
[SourceTitle "playchess.com"]
[Source "ChessBase"]
[SourceQuality "1"]

1. e4 c6 2. Nc3 d5 3. Nf3 Bg4 4. h3 Bxf3 5. Qxf3 e6 6. Be2 Bc5 7. O-O Nd7 8. d3 Ne7 9. Qg3 O-O 10. Kh1 Kh8 11. Bg5 h6 12. Bd2 Bd4 13. f3 f5 14. Rae1 Kh7 15. Bd1 Rc8 16. Bc1 Ng6 17. f4 b5 18. Bh5 Ne7 19. Ne2 Bb6 20. exf5 exf5 21. Ng1 Nf6 22. Bd1 Ng6 23. Nf3 Nh5 24. Qh2 Bc7 25. g3 Nf6 26. Ne5 Bb8 27. g4 fxg4 28. Nxg6 Kxg6 29. hxg4 Qd7 30. Qg2 Rce8 31. Kg1 Rxe1 32. Rxe1 Re8 33. Rf1 a5 34. c3 Ba7+ 35. d4 Ne4 36. g5 Kh7 37. Bg4 Qd6 38. Qh3 c5 39. dxc5 Bxc5+ 40. Kg2 b4 41. f5 bxc3 42. gxh6 g6 43. bxc3 gxf5 44. Bxf5+ Kh8 45. h7 Re7 46. Bh6 Re8 47. Bf4 Qf6 48. Qh5 Qg7+ 49. Qg6 Nf6 50. Qxg7+ Kxg7 51. Rb1 Nxh7 52. Rb5 Bf8 53. Rxa5 Nf6 54. Kf3 Re1 55. Ra7+ Kg8 56. Bd3 Rd1 57. Ke2 Rg1 58. Be5 Ne4 59. Bxe4 dxe4 60. Bd4 Rg2+ 61. Ke3 Rg4 62. a4 Bh6+ 63. Kf2 Rf4+ 64. Kg2 Rg4+ 65. Kh3 Rg6 66. a5 e3 67. Re7 Bf4 68. Bb6 Rg3+ 69. Kh4 Rg2 70. Bxe3 Re2 71. a6 Rxe3 72. a7 Rxe7 73. a8=Q+ Kg7 74. c4 Rf7 75. c5 Bc7 76. Qd5 Re7 77. Kg4 Rf7 78. Qd4+ Kg6 79. Qd3+ Kg7 80. Kg5 Bf4+ 81. Kh5 Bc7 82. Qd4+ Kh7 83. Kg5 Rg7+ 84. Kf6 Kg8 85. Qd5+ Kh7 86. Qh5+ Kg8 87. Qe8+ Kh7 88. c6 Bg3 89. Qh5+ Kg8 90. Qh6 Rf7+ 91. Kg6 Bc7 92. Qh5 Rg7+ 93. Kf6 Bd8+ 94. Ke6 Bc7 95. Qd5 Bg3 96. Kf6+ Kh7 97. Qd4 Kg8 98. Qe4 Kh8 99. Qh1+ Kg8 100. Qh5 Bc7 101. Qe8+ Kh7 102. Qf8 Rg6+ 103. Kf7 Bd6 104. Qe8 Rg7+ 105. Ke6 Bg3 106. Kd5 Bc7 107. Kc4 Bg3 108. Qh5+ Kg8 109. Qd5+ Kh7 110. Kb5 Bc7 111. Ka6 Bg3 112. Qf5+ Kh8 113. Qf8+ Kh7 114. Qe8 Bc7 115. Qe4+ Kg8 116. Kb7 Bf4+ 117. Kc8 Bg3 118. Kd8 Bc7+ 119. Ke8 Bg3 120. Qd5+ Kh7 121. Kf8 Rg6 122. Qh5+ 1-0

[Event "1st Bangalore GM-Open-A 2024"]
[Site "Bangalore"]
[Date "2024.01.26"]
[Round "10.17"]
[White "Fawzy, Adham"]
[Black "Karthikeyan, P.."]
[Result "1-0"]
[WhiteElo "2522"]
[BlackElo "2287"]
[Annotator "RC"]
[PlyCount "75"]
[EventDate "2024.01.20"]
[EventType "swiss"]
[EventCountry "IND"]
[SourceTitle "playchess.com"]
[Source "ChessBase"]
[SourceQuality "1"]

1. e4 e5 2. Nf3 Nc6 3. d4 exd4 4. Nxd4 Bb4+ 5. c3 Bc5 6. Be3 Bb6 7. Nd2 Nge7 8. Nc4 Bxd4 9. Bxd4 O-O 10. Ne3 d6 11. Bd3 Nxd4 12. cxd4 c5 13. dxc5 Qa5+ 14. Qd2 Qxd2+ 15. Kxd2 dxc5 16. Bc4 Bd7 17. Rhd1 Bc6 18. f3 Rfd8+ 19. Kc3 Kf8 20. a3 a6 21. b4 cxb4+ 22. axb4 Rac8 23. Rxd8+ Rxd8 24. Bb3 Bb5 25. Bd5 Rc8+ 26. Kd4 Rc7 27. f4 Nxd5 28. exd5 Ke7 29. g4 g6 30. g5 f6 31. gxf6+ Kxf6 32. Rg1 b6 33. h4 Rc8 34. Rg5 Rc1 35. Re5 Rh1 36. d6 Rxh4 37. Nd5+ Kf7 38. d7 1-0

[Event "1st Bangalore GM-Open-A 2024"]
[Site "Bangalore"]
[Date "2024.01.26"]
[Round "10.18"]
[White "Laxman, R.R."]
[Black "Das, Sayantan"]
[Result "0-1"]
[WhiteElo "2338"]
[BlackElo "2514"]
[Annotator "TA"]
[PlyCount "69"]
[EventDate "2024.01.20"]
[EventType "swiss"]
[EventCountry "IND"]
[SourceTitle "playchess.com"]
[Source "ChessBase"]
[SourceQuality "1"]

1. d4 d5 2. Nf3 Nf6 3. c4 e6 4. g3 dxc4 5. Qa4+ Nbd7 6. Qxc4 a6 7. Bg2 b5 8. Qd3 Bb7 9. O-O c5 10. Bg5 h6 11. Bxf6 Nxf6 12. Nc3 c4 13. Qc2 Be7 14. a3 O-O 15. Rad1 Qb6 16. e4 Rfd8 17. Rfe1 Bf8 18. h4 Rac8 19. Bh3 Rb8 20. Bg2 a5 21. a4 b4 22. Nb5 Rbc8 23. Ne5 c3 24. b3 Qa6 25. Bf1 Qa8 26. Bg2 h5 27. Nc4 Qa6 28. Ne5 Ng4 29. Nd3 Bc6 30. Nf4 Bxb5 31. axb5 Qb6 32. Nxh5 Rxd4 33. Rxd4 Qxd4 34. Nf4 a4 35. Re2 0-1

[Event "1st Bangalore GM-Open-A 2024"]
[Site "Bangalore"]
[Date "2024.01.26"]
[Round "10.19"]
[White "Savchenko, Boris"]
[Black "Sahoo, Utkal Ranjan"]
[Result "1-0"]
[WhiteElo "2489"]
[BlackElo "2316"]
[Annotator "TA"]
[PlyCount "59"]
[EventDate "2024.01.20"]
[EventType "swiss"]
[EventCountry "IND"]
[SourceTitle "playchess.com"]
[Source "ChessBase"]
[SourceQuality "1"]

1. e4 e6 2. d4 d5 3. Nc3 Bb4 4. a3 Bxc3+ 5. bxc3 dxe4 6. Qg4 Kf8 7. Qxe4 Nf6 8. Qe3 b6 9. Bb2 Bb7 10. c4 Nbd7 11. O-O-O Qe7 12. Ne2 c5 13. Nc3 cxd4 14. Rxd4 Nc5 15. Be2 Bxg2 16. Rg1 Bc6 17. Rxg7 Kxg7 18. Nd5 Bxd5 19. Rg4+ Kf8 20. Qh6+ Ke8 21. Bxf6 Qf8 22. Bg7 Qd6 23. cxd5 Kd7 24. Bb5+ Kc7 25. Qh5 f5 26. Qf7+ Kb8 27. Bxh8 fxg4 28. Qe8+ Kb7 29. Qc6+ Qxc6 30. Bxc6+ 1-0

[Event "1st Bangalore GM-Open-A 2024"]
[Site "Bangalore"]
[Date "2024.01.26"]
[Round "10.20"]
[White "Apoorv Kamble"]
[Black "Muthaiah AL"]
[Result "0-1"]
[WhiteElo "2308"]
[BlackElo "2464"]
[Annotator "RC"]
[PlyCount "126"]
[EventDate "2024.01.20"]
[EventType "swiss"]
[EventCountry "IND"]
[SourceTitle "playchess.com"]
[Source "ChessBase"]
[SourceQuality "1"]

1. e4 c5 2. Nf3 e6 3. d4 cxd4 4. Nxd4 Nc6 5. Nc3 Qc7 6. f4 a6 7. Nxc6 Qxc6 8. Bd3 b5 9. Qe2 Bb7 10. Bd2 Be7 11. a3 Rc8 12. O-O-O Nf6 13. g4 d5 14. exd5 Nxd5 15. f5 O-O 16. fxe6 Qxe6 17. Qxe6 fxe6 18. Be4 Rxc3 19. Bxd5 Bxd5 20. Bxc3 Bxh1 21. Rxh1 Rf2 22. h3 Bg5+ 23. Kb1 Bf6 24. Rd1 Bxc3 25. bxc3 e5 26. Kc1 e4 27. Re1 Rf4 28. Kd2 Kf7 29. Ke3 Rf3+ 30. Kxe4 Rxc3 31. Re3 Rxc2 32. Ke5 Rc4 33. Rd3 Ke7 34. Rf3 h6 35. Kf5 Kf7 36. g5 Rc5+ 37. Kg4+ Kg6 38. gxh6 Kxh6 39. h4 a5 40. Rd3 g6 41. Re3 b4 42. axb4 axb4 43. Re6 Rb5 44. Re2 b3 45. Rb2 Rb4+ 46. Kh3 Kh5 47. Kg3 Rb8 48. Kf4 Rb5 49. Kg3 Rb4 50. Kh3 Rxh4+ 51. Kg3 Rb4 52. Kf3 g5 53. Kg3 g4 54. Rh2+ Kg5 55. Rd2 Kf5 56. Rf2+ Ke5 57. Rb2 Kd4 58. Rf2 b2 59. Kg2 b1=Q 60. Kh2 Qh7+ 61. Kg1 Rb1+ 62. Rf1 Rxf1+ 63. Kxf1 Qh2 0-1

[Event "1st Bangalore GM-Open-A 2024"]
[Site "Bangalore"]
[Date "2024.01.26"]
[Round "10.21"]
[White "Ratnakaran, K.."]
[Black "Fedorov, Alexei"]
[Result "1/2-1/2"]
[WhiteElo "2256"]
[BlackElo "2457"]
[Annotator "TA"]
[PlyCount "74"]
[EventDate "2024.01.20"]
[EventType "swiss"]
[EventCountry "IND"]
[SourceTitle "playchess.com"]
[Source "ChessBase"]
[SourceQuality "1"]

1. e4 c5 2. Nf3 Nc6 3. Bb5 e6 4. O-O Nge7 5. Re1 a6 6. Bf1 b6 7. b3 d5 8. exd5 Nxd5 9. Bb2 Bb7 10. Na3 Nf6 11. Nc4 Be7 12. Ng5 Nd4 13. Bxd4 cxd4 14. Rxe6 fxe6 15. Nxe6 Qc8 16. Qe2 Bd5 17. Nxg7+ Kf7 18. Nxb6 Qc5 19. Nxa8 Kxg7 20. Nb6 Bb7 21. Re1 Bd8 22. Nd7 Qf5 23. Nxf6 Bxf6 24. Qe6 Qxe6 25. Rxe6 Bc8 26. Rc6 Bf5 27. Bxa6 Ra8 28. b4 Bxc2 29. d3 Be7 30. a3 Ra7 31. f4 Ba4 32. b5 Bxa3 33. f5 Rf7 34. g4 Rf6 35. Rc7+ Rf7 36. Rc6 Rf6 37. Rc7+ Rf7 1/2-1/2

[Event "1st Bangalore GM-Open-A 2024"]
[Site "Bangalore"]
[Date "2024.01.26"]
[Round "10.22"]
[White "Prasad, Devaki V"]
[Black "De Silva, L M S T"]
[Result "0-1"]
[WhiteElo "2229"]
[BlackElo "2398"]
[Annotator "RC"]
[PlyCount "84"]
[EventDate "2024.01.20"]
[EventType "swiss"]
[EventCountry "IND"]
[SourceTitle "playchess.com"]
[Source "ChessBase"]
[SourceQuality "1"]

1. d4 Nf6 2. Nc3 d5 3. Bf4 a6 4. e3 b5 5. h4 Bb7 6. g4 b4 7. Na4 e6 8. g5 Nfd7 9. Nf3 c5 10. Nxc5 Nxc5 11. dxc5 Nc6 12. Ne5 Bxc5 13. Nxc6 Bxc6 14. Be5 d4 15. Rh3 O-O 16. exd4 Bd6 17. Bd3 Bxe5 18. dxe5 Qa5 19. Re3 Rfd8 20. Qd2 Rab8 21. a3 Qd5 22. f3 bxa3 23. Rxa3 Qd4 24. Rxa6 Qxh4+ 25. Qf2 Qb4+ 26. Qd2 Qb7 27. f4 g6 28. Qa5 Be8 29. Rd6 Rdc8 30. Re4 Qxb2 31. Qd2 Qa1+ 32. Kf2 Qh1 33. Re1 Qh2+ 34. Ke3 Qg3+ 35. Kd4 Ra8 36. Rb1 Ra4+ 37. c4 Qf3 38. Qe3 Raxc4+ 39. Bxc4 Rxc4+ 40. Kxc4 Qxe3 41. Rb8 Qxf4+ 42. Rd4 Qxe5 0-1

[Event "1st Bangalore GM-Open-A 2024"]
[Site "Bangalore"]
[Date "2024.01.26"]
[Round "10.23"]
[White "Ritviz, Parab"]
[Black "Sharma Isha"]
[Result "1/2-1/2"]
[WhiteElo "2391"]
[BlackElo "2183"]
[Annotator "RC"]
[PlyCount "86"]
[EventDate "2024.01.20"]
[EventType "swiss"]
[EventCountry "IND"]
[SourceTitle "playchess.com"]
[Source "ChessBase"]
[SourceQuality "1"]

1. g3 d5 2. Nf3 Nf6 3. Bg2 c6 4. O-O Bf5 5. d3 e6 6. c4 Nbd7 7. Nc3 Bc5 8. cxd5 cxd5 9. a3 Rc8 10. Bf4 O-O 11. Qe1 Re8 12. e4 e5 13. exf5 exf4 14. Qd2 fxg3 15. hxg3 a6 16. Rae1 Qc7 17. Re5 Re7 18. Rxe7 Rd8 19. Re8+ Rxe8 20. Rc1 Qd6 21. Re1 Rxe1+ 22. Qxe1 Ba7 23. d4 h6 24. Qe3 Nb8 25. Ne5 Nc6 26. Nxc6 bxc6 27. b4 Kf8 28. Bf3 Nd7 29. Qd3 Qc7 30. Ne2 Qb6 31. Qc3 Qb5 32. Kg2 Kg8 33. Qe3 Kf8 34. Qc3 Bb6 35. Nf4 a5 36. Be2 axb4 37. axb4 Qa4 38. Nd3 Kg8 39. Ne5 Nxe5 40. dxe5 Qa2 41. Qe1 Qc2 42. Bg4 Kf8 43. Qe2 Qxe2 1/2-1/2